Julio nunca más. Obra escogida de Rafael Menjívar Larín /
Uloženo v:
| Hlavní autor: | |
|---|---|
| Médium: | Kniha |
| Jazyk: | Spanish |
| Vydáno: |
San José, Costa Rica:
FLACSO,
2001.
|
| Témata: | |
| Tagy: |
Přidat tag
Žádné tagy, Buďte první, kdo vytvoří štítek k tomuto záznamu!
|
MARC
| LEADER | 00000nam a22000007a 4500 | ||
|---|---|---|---|
| 008 | 150318s2010 cr | ||| 000 0bspa d | ||
| 020 | |a 9789977682136 | ||
| 040 | |a CRU CIICLA | ||
| 082 | |a 92 |b M545m | ||
| 100 | 1 | |a Menjívar Ochoa, Mauricio |d 1935-2000 | |
| 245 | 1 | 0 | |a Julio nunca más. Obra escogida de Rafael Menjívar Larín / |c compilación y postfacio de Mauricio Menjívar Ochoa |
| 260 | |a San José, Costa Rica: |b FLACSO, |c 2001. | ||
| 300 | |a 405 páginas | ||
| 505 | |t Presentación / Jorge Mora Alfaro -- Prefacio / Mauricio Menjívar Ochoa -- El cambio social como cuestión intelectual. El período salvadoreño (1962?-1972) -- La obra del ntelectual órganico. El período mexicano (1975-1983) -- Obra de post-militancia. El segundo exilio costarricense (1983-2000). | ||
| 600 | 1 | 4 | |a MENJIVAR LARIN, RAFAEL |d 1935-2000 |x PENSAMIENTO POLITICO |
| 942 | |2 ddc |c BK | ||
| 999 | |c 4012 |d 4012 | ||



